| 000 | 01173nam a22002057a 4500 | ||
|---|---|---|---|
| 003 | OSt | ||
| 005 | 20191007120113.0 | ||
| 008 | 180226b xxu||||| |||| 00| 0 spa d | ||
| 040 | _cPJ | ||
| 100 |
_92135 _aPeyrano, Jorge Walter |
||
| 245 | 1 | 3 |
_aEl proceso civil : _bprincipios y fundamentos / _cJorge W. Peyrano. |
| 260 |
_aBuenos Aires : _bAstrea, _c1978. |
||
| 300 |
_axix, 358 p. _brústica; _c23 cm. |
||
| 500 | _aNotas y citas a pie de página. | ||
| 504 | _aBibliografía: p. 351-358. | ||
| 505 | _aContenido: Función de los principios generales del proceso civil-- Elenco de principios -- El principio dispositivo -- Atenuación del principio dispositivo -- El principio de autoridad -- El principio inquisitivo y temas conexos -- El principio de contradicción -- Principio de moralidad -- Principio de economía procesal -- Principio de inmediación procesal -- Los principios generales de escritura y oralidad -- Los principios generales de publicidad y secreto -- Principio de adquisición procesal -- Conclusiones y resumen. | ||
| 650 | 0 |
_91148 _aDERECHO PROCESAL CIVIL |
|
| 650 | 0 |
_91953 _aPROCEDIMIENTO CIVIL |
|
| 942 |
_2udc _cLIB _h347.91./95 _iPEY |
||
| 999 |
_c1562 _d1562 |
||